AH International Schools' Libraries

Normal view MARC view
  • FitzLyon, Kyril

Entry Personal Name

Number of records used in: 1

001 - CONTROL NUMBER

  • control field: 87363

003 - CONTROL NUMBER IDENTIFIER

  • control field: OSt

005 - DATE AND TIME OF LATEST TRANSACTION

  • control field: 20260420132259.0

008 - FIXED-LENGTH DATA ELEMENTS

  • fixed length control field: 260420|| aca||aabn | a|a d

040 ## - CATALOGING SOURCE

  • Original cataloging agency: OSt
  • Transcribing agency: OSt

100 ## - HEADING--PERSONAL NAME

  • Personal name: FitzLyon, Kyril

670 ## - SOURCE DATA FOUND

  • Source citation: Work cat.: (OSt)50413: Dostoyevsky, Fyodor, 1821-1881. author., Notes from underground /, August 30, 1994

For any Logos Library related questions please contact Miss Art at swongnarasuk@asianhope.org.

For any Asian Hope Library related questions please contact Miss Raza at graza@asianhope.org.

Click here to explore our ebooks!

Powered by Koha